000 00470 a2200133 4500
000 nam a22 7a 4500
100 _aनाटाणी, प्रकाश नारायण
110 _aनाटाणी, प्रकाश नारायण
245 _aभारतीय कला के विविध आयाम
250 _aLatest edition
260 _bVishav bharti publication
_c2025
264 _bVishav bharti publication
_c2025
942 _cBK
999 _c395994
_d395994